000 00556 a2200157 4500
003 Nust
005 20221117124004.0
040 _cNust
082 _a621.38,ROS
245 _aAdvance Information 8-Bit Microcomputers /
260 _bMotorola
_c1987
300 _avarious paging
505 _aIntroduction (Page 1-1), Functional Pin Description Memory CPU and Registers (Page 2-1). Timer (Page 3-1), Interrupt Power Saving Modes Self Check, Reset and Internal Clock Generator (Page 4-1).
650 _aAdvance Information
_9102843
942 _2ddc
_cBK
999 _c189380
_d189380